| 000 | 00766nam a2200253 a 4500 | ||
|---|---|---|---|
| 001 | 37780 | ||
| 003 | BD-RjUL | ||
| 005 | 20211209052644.0 | ||
| 008 | 150701s1953 enk 000 0 eng d | ||
| 035 | _a(BD-RjUL)37885 | ||
| 035 | _a(OCoLC)26995443 | ||
| 040 |
_aOCoLC _beng _cOCoLC _dBD-RjUL |
||
| 041 | 1 |
_aeng _hgrc |
|
| 082 | 0 | 0 |
_a184 _bPLD V-4 1953 |
| 100 | 0 |
_aPlato. _993862 |
|
| 245 | 1 | 4 |
_aThe Dialogues of Plato / _cPlato ; translated into English with analyses and introductions by B. Jowett. _nVolume IV |
| 250 | _a4th ed. rev. | ||
| 260 |
_aOxford : _bClarendon Press, _c1953. |
||
| 300 |
_a657 p. ; _c23 cm. |
||
| 650 | 0 |
_aPhilosophy, Ancient. _993863 |
|
| 700 | 1 |
_aJowett, Benjamin, _d1817-1893. _993453 |
|
| 942 |
_2ddc _cBK |
||
| 999 |
_c37780 _d37780 |
||